|
|
แสดงรายละเอียดบรรณานุกรม |
|
|
Brief Record
: Get Marc (ISO 2709)
: E-mail record
: |
|
|
| LEADER 00000nama 2200000uu 4500 | |||
| 001 197292 | |||
| 003 ULIBM | |||
| 008 040531s|||| th m m a000 0 tha d | |||
| 020 978-974-8380-67-4 | |||
| 041 tha | |||
| 050 WO1 ศ338 | |||
| 100 ประยุทธ ศิริวงษ์ | |||
| 245 ศัลยศาสตร์วิวัฒน์ 35 =Controversies and current concepts in surgery / บรรณาธิการ ประยูทธ ศิริวงศ์,เพชร เกษตรสุวรรณ และชาญชัย นิมิตรวานิช. | |||
| 260 กรุงเทพฯ โฆษิตการพิมพ์. [2550] | |||
| 300 436 หน้า. | |||
| 650 1. ศัลยศาสตร์. 2. ศัลยศาสตร์--รวมเรื่อง. | |||
| 995 001 | |||
| คุณยังไม่ได้ล็อกอิน คุณสามารถมีกิจกรรมร่วมกับเว็บไซต์ได้ แต่ต้องล็อกอินก่อน :: |
|
| สถานะ | |||||||||
| 1. | หนังสือทั่วไป สถานะ=หนังสือเก่า - บริการ ณ ห้องสมุด (ห้องเหลือง) | WO1 ศ338 | On Shelf ขอยืม | ||||||
| 2. | หนังสือทั่วไป สถานะ=หนังสือเก่า - บริการ ณ ห้องสมุด (ห้องเหลือง) | WO1 ศ338 | On Shelf ขอยืม | ||||||
| 3. | หนังสือทั่วไป สถานะ=หนังสือเก่า - บริการ ณ ห้องสมุด (ห้องเหลือง) | WO1 ศ338 | On Shelf ขอยืม | ||||||
| [แสดง 3/3 รายการ] | |||||||||
BibComment |
| คอมเมนท์ทรัพยากรรายการนี้ |
|
|